000 00578nam a22002055i 4500
001 168620
003 ES-MaACL
005 20250523062602.0
008 080424s2000 sp |||| | spa d
020 _a84-85708-56-3
080 _a821.134.2-92"19"
100 1 _aGarcía Calvo, Agustín,
_d1926-2012
_eaut
_9233841
245 1 0 _a37 adioses al mundo /
_cAgustín García Calvo.
250 _a1ª ed.
260 _aZamora :
_bLucina,
_c2000.
300 _a123 p. ;
_c20 cm.
852 _aES-MaACL
_jL-29356
_9R.143368
942 _2udc
999 _c168620
_d168620